Квиз о Кипру - Statistics

General Stats
  • This quiz has been taken 173 times
  • The average score is 13 of 20
Answer Stats
Опис Одговор % Correct
Која два континента су географски најближа Кипру? Азија
99%
Која два континента су географски најближа Кипру? Африка
97%
Који је главни град Кипра Никозија
96%
Званични језици на Кипру Грчки
95%
Званични језици на Кипру Турски
93%
Које царство је освојило острво 1570. године? Османско царство
87%
Кипар је треће највеће острво Средоземља. Именуј два већа Сицилија
79%
Највиша планина на Кипру се зове исто као и највиша планина Грчке, именуј је Олимп
77%
Којој грани хришћанства припада 78% становништва? Православље
77%
Кипар је треће највеће острво Средоземља. Именуј два већа Сардинија
75%
Које царство је контролисало ово острво од 58 п.н.е. па све до Крсташких ратова? Римско царство / Источно римско царство
66%
Која држава поседује војне базе на овом острву, зову се Акротири и Декелија? Уједињено Краљевство
64%
Која античка богиња се наводно родила од морске пене на обали Кипра? Афродита
58%
Која непризната држава, успостављена након турске инвазије 1974. контролише север Кипра? Северни Кипар
55%
Други по величини град на Кипру Лимасол
53%
Ко је освојио ово острво 333 п.н.е? Александар Македонски
45%
Који крсташки краљ је на кратко освојио острво 1191. године? Ричард Лавље Срце
37%
За које поврће из породице купусњача се верује да потиче са Кипра? Карфиол
31%
Који је надимак за тампон зону УН-а која раздваја ова два дела државе? {Зелена} линија
26%
Радња којег Шекспировог дела о маварском генералу је смештена углавном на Кипру? Отело
21%
No matching quizzes found
Score Distribution
Percent of People with Each Score
Percentile by Number Answered
Your Score History
You have not taken this quiz